البحر الميت الطيب / (رقم التسجيلة. 39460)

تفاصيل مارك
000 -LEADER
fixed length control field 00490nam a22001817a 4500
005 - DATE AND TIME OF LATEST TRANSACTION
control field 20251108170104.0
008 - FIXED-LENGTH DATA ELEMENTS--GENERAL INFORMATION
fixed length control field 250721s1993 xx 000 0 ara d
082 14 - DEWEY DECIMAL CLASSIFICATION NUMBER
Classification number ط/ق/جبر
100 1# - MAIN ENTRY--PERSONAL NAME
Personal name جبر، أحمد
245 10 - TITLE STATEMENT
Title البحر الميت الطيب /
264 1# - PRODUCTION, PUBLICATION, DISTRIBUTION, MANUFACTURE, AND COPYRIGHT NOTICE
Place of production, publication, distribution, manufacture عمان :
Date of production, publication, distribution, manufacture, or copyright notice 1993.
300 ## - PHYSICAL DESCRIPTION
Extent 41ص
490 0# - SERIES STATEMENT
Series statement سلسلة مدارج الطفولة ؛4
650 17 - SUBJECT ADDED ENTRY--TOPICAL TERM
Topical term or geographic name as entry element أدب الأطفال
650 17 - SUBJECT ADDED ENTRY--TOPICAL TERM
Topical term or geographic name as entry element القصص العربية
942 ## - ADDED ENTRY ELEMENTS (KOHA)
Source of classification or shelving scheme Dewey Decimal Classification
Koha item type كتب
المقتنيات
حالة السحب حالة الفقدان مصدر التصنيف حالة التلف غير قابل للإعارة المكتبة الرئيسية المكتبة الحالية موقع الرف تاريخ التزويد الرقم المتسلسل Total Checkouts رقم الإستدعاء الباركود تاريخ آخر ظهور تاريخ الفاتورة نوع المادة (كوها)
Withdrawn   Dewey Decimal Classification     المكتبة المركزية المكتبة المركزية الأطفال 06/07/2004 315164   ط/ق/جبر 315164 28/07/2025 06/07/2004 كتب
    Dewey Decimal Classification Unchecked   مكتبة الاميرة بديعة مكتبة الاميرة بديعة الأطفال 06/07/2004 1469   ط/ق/جبر   28/07/2025 06/07/2004 كتب
    Dewey Decimal Classification Unchecked   مكتبة الحسن العامة مكتبة الحسن العامة الأطفال 06/07/2004 3561   ط/ق/جبر   28/07/2025 06/07/2004 كتب
    Dewey Decimal Classification     مكتبة بدر للأطفال مكتبة بدر للأطفال الأطفال 10/08/2022 268128   ط/ق/جبر PLD00498831 28/07/2025 10/08/2022 كتب
    Dewey Decimal Classification Unchecked   مكتبة صويلح العامة مكتبة صويلح العامة الأطفال 06/07/2004 4533   ط/ق/جبر   28/07/2025 06/07/2004 كتب
    Dewey Decimal Classification     مكتبة وادي السير العامة مكتبة وادي السير العامة الأطفال 22/03/2016 [2125].....   ط/ق/جبر PLD00381827 28/07/2025 22/03/2016 كتب
Implemented & Customized by: BBB with SCIT (Smart Chains for Information Technology)

Powered by Koha